000 00459nam a22001817a 4500
003 OSt
008 240320b |||||||| |||| 00| 0 eng d
020 _a9788189928803
041 _aeng
082 _a690
_bARO/TE
100 _aArora,S.P
_9629
100 _aBindra,S.P
_9630
245 _aThe Text book of building construction /
250 _a5 th Rev
260 _aNew Delhi :
_bDhanapat arai Publications(P)Ltd,
_c2011.
300 _aA-1.14
942 _cBK
999 _c14390
_d14390